[Event "ipca2019"]
[Site "?"]
[Date "2019.07.06"]
[Round "9.11"]
[White "Wielecki, Zygmunt"]
[Black "Kozicz, Andrzej"]
[Result "1/2-1/2"]
[BlackElo "1979"]
[WhiteElo "2145"]
[LiveChessVersion "1.4.8"]

1. e4 c5 2. Nf3 {[%clk 1:30:29]} a6 {[%clk 1:30:54]} 3. c4 {[%clk 1:30:16]} d6
{[%clk 1:31:13]} 4. d4 {[%clk 1:30:33]} cxd4 {[%clk 1:31:30]} 5. Nxd4
{[%clk 1:30:47]} e6 {[%clk 1:31:58]} 6. Nc3 {[%clk 1:30:56]} Nf6 {[%clk 1:32:23]}
7. Be2 {[%clk 1:31:08]} Be7 {[%clk 1:32:42]} 8. O-O {[%clk 1:31:24]} O-O 9. Be3
Bd7 {[%clk 1:31:54]} 10. Qd2 {[%clk 1:30:31]} Nc6 {[%clk 1:32:19]} 11. f3
{[%clk 1:30:30]} Rc8 {[%clk 1:31:45]} 12. Rfd1 {[%clk 1:30:18]} Nxd4
{[%clk 1:29:56]} 13. Bxd4 {[%clk 1:30:22]} e5 {[%clk 1:29:39]} 14. Be3
{[%clk 1:30:38]} Bc6 {[%clk 1:29:58]} 15. b4 {[%clk 1:28:14]} 1/2-1/2